The return of the native
Uloženo v:
| Hlavní autor: | |
|---|---|
| Médium: | Kniha |
| Jazyk: | angličtina |
| Vydáno: |
Nueva York
Holt, Rinehart and Winston
1962
|
| Témata: | |
| Tagy: |
Přidat tag
Žádné tagy, Buďte první, kdo vytvoří štítek k tomuto záznamu!
|
MARC
| LEADER | 00000nam a2200000 a 4500 | ||
|---|---|---|---|
| 001 | UCG5337 | ||
| 003 | CL-VaPUC | ||
| 008 | 110303e19620000US |||||||||||||||||eng|d | ||
| 082 | 0 | 4 | |a 823 |b HAR |2 21 |
| 100 | |a Hardy, Thomas, |d 1840-1928 |e author |9 418616 | ||
| 245 | 1 | 4 | |a The return of the native |
| 300 | |a 481 p | ||
| 942 | |c BK | ||
| 945 | |d 20110303 00:00:00 |a cmena | ||
| 260 | |a Nueva York |b Holt, Rinehart and Winston |c 1962 | ||
| 650 | 0 | |a Novelas inglesas |9 265220 | |
| 650 | 0 | |a Literatura inglesa |9 312907 | |
| 583 | |a last modification |c 20110303 00:00:00 |k Rodrigo Vera | ||
| 999 | |c 343872 |d 343870 | ||
| 952 | |0 0 |1 0 |4 0 |6 823_000000000000000_HAR_1962 |7 0 |8 A |9 441561 |a BIBEDU |b BIBEDU |d 2019-11-22 |i 4738136 |o 823 HAR 1962 |p 4738136 |r 2019-11-22 |w 2019-11-22 |y BK |k LIT | ||